000 01005nam a2200277Ia 4500
003 OSt
005 20220918110213.0
006 a|||||r|||| 00| 0
007 ta
008 220915b |||||||| |||| 00| 0 eng d
020 _a8187586222 (hbk)
_cINR 450.00
024 _a64,816
037 _b54503, 08/03/2018, Segment Book Distributors
_cReference Collections
040 _aARTS
_cARTS
_beng
041 _2eng
_aeng
082 _az2, P5(RR)
100 _aSarukkai Sundar Au.
_96338
245 0 _aHistory of science philosophy and culture in indian civilization
_b Indian philosophy and philosophy of science
250 _a2nd
260 _aNew Delhi
_bCentre for Studies in Civilizations India
_c2008
300 _axiii,268p.
650 _aGENERALIA; INDIA - HISTORY
700 _a Chattopadhyay D.P. Ed.
_93029
942 _hz2, P5(RR)
_cREF
999 _c111572
_d111572